7 Emirates of UAE - Statistics

General Stats
  • This quiz has been taken 847 times
  • The average score is 4 of 7
Answer Stats
Answer % Correct
Dubai
98%
Abu Dhabi
95%
Sharjah
75%
Ajman
59%
Fujairah
49%
Ras Al-Alkhaimah
46%
Umm Al-Qaiwain
3%
No matching quizzes found
Score Distribution
Percent of People with Each Score
Percentile by Number Answered
Your Score History
You have not taken this quiz